000 00518cam a2200205ua 4500
001 11597
008 191011n ii |||gr||||Z||||||eng
020 _a9780199457069
040 _cMAIN
041 _aeng
082 _a425
100 _aSanjay Kumar,
_eAuthor.
245 _aCommunication skills
_cBy Sanjay Kumar and Pushp Lata
250 _a4th imp.
260 _aNew Delhi:
_bOxford university press,
_c2017.
300 _a600p.
653 _aEnglish grammar
700 _aPushp Lata,
_eAuthor.
942 _cBK
999 _c10416
_d10416